Library of the University of Algiers 3
Ibrahim Sultan Cheibout
شعار جامعة الجزائر 3
مكتبة جامعة الجزائر 3
إبراهيم سلطان شيبوط

الوجيز في القانون التجاري : (رقم التسجيلة. 46164)

تفاصيل مارك
000 -LEADER
fixed length control field 01227nam a2200217Ia 4500
003 - CONTROL NUMBER IDENTIFIER
control field Ost
005 - DATE AND TIME OF LATEST TRANSACTION
control field 20260507075743.0
008 - FIXED-LENGTH DATA ELEMENTS--GENERAL INFORMATION
fixed length control field 260507s9999||||xx |||||||||||||| ||und||
020 ## - INTERNATIONAL STANDARD BOOK NUMBER
International Standard Book Number 2123103977
040 ## - CATALOGING SOURCE
Transcribing agency fsecg
041 ## - LANGUAGE CODE
Language code of text/sound track or separate title ara
082 ## - DEWEY DECIMAL CLASSIFICATION NUMBER
Classification number 330
100 ## - MAIN ENTRY--PERSONAL NAME
Personal name حسن، سوزان علي
Relator term مؤلف
245 #0 - TITLE STATEMENT
Title الوجيز في القانون التجاري :
Remainder of title نظريات الاعمال التجارية- نظرية التاجر- الشركات التجارية- الاوراق التجارية /
Statement of responsibility, etc. سوزان علي حسن
260 ## - PUBLICATION, DISTRIBUTION, ETC.
Place of publication, distribution, etc. الإسكندرية:
Name of publisher, distributor, etc. منشأة المعارف,
Date of publication, distribution, etc. 2004
300 ## - PHYSICAL DESCRIPTION
Extent 241 صفحة؛
Other physical details إيضاحات ؛
Dimensions 24 سم
490 ## - SERIES STATEMENT
Series statement الكتب القانونية
520 ## - SUMMARY, ETC.
Summary, etc. نظرية الأعمال التجارية- الفرق بين العمل التجاري والعمل المدني- أنواع الاعمال التجارية-نظرية التاجر- المفهوم القانوني للتاجر- الشركات التجارية- إلتزمات التاجر- الأحكام الخاصة بالشركات التجارية- أنواع الشركات- الاوراق التجارية و الإفلاس.
653 ## - INDEX TERM--UNCONTROLLED
Uncontrolled term القانون التجاري
942 ## - ADDED ENTRY ELEMENTS (KOHA)
Koha item type كتب
المقتنيات
Withdrawn status Lost status Source of classification or shelving scheme Damaged status Not for loan Home library Current library Date acquired Serial enumeration / chronology Inventory number Total checkouts Full call number Barcode Date last seen Price effective from Koha item type
    Library of Congress Classification   NOT LOAN / إعارة داخلية مكتبة كلية العلوم الإقتصادية والعلوم التجارية وعلوم التسيير مكتبة كلية العلوم الإقتصادية والعلوم التجارية وعلوم التسيير 07/05/2026 الطابق الأرضي 1321/1   أ/1321ن1 1321/1 07/05/2026 07/05/2026 كتب

موارد الويب المفتوحة


© University of Algiers 3 All Rights Reserved
|
Implemented by LECHELAH Riad